Digital Signal Processing/ (Record no. 185235)

MARC details
000 -LEADER
fixed length control field 00600nam a22001817a 4500
005 - DATE AND TIME OF LATEST TRANSACTION
control field 20220201121300.0
010 ## - LCCN (DPL NO)
LC control number ENG-131343
020 ## - INTERNATIONAL STANDARD BOOK NUMBER
International Standard Book Number 9789354600296
Terms of availability 879.00
035 ## - SYSTEM CONTROL NUMBER
System control number EN-114875
037 ## - SOURCE OF ACQUISITION
Source of stock number/acquisition DBAD
082 ## - DEWEY DECIMAL CLASSIFICATION NUMBER
Classification number 621.3822
100 ## - MAIN ENTRY--PERSONAL NAME
Personal name Esakkirajan, S.
245 ## - TITLE STATEMENT
Title Digital Signal Processing/
Statement of responsibility, etc S Esakkirajan, T Veerakumar, Badri Narayan Subudhi
260 ## - PUBLICATION, DISTRIBUTION, ETC. (IMPRINT)
Place of publication, distribution, etc Chennai
Name of publisher, distributor, etc McGraw Hill Education Private Limited
Date of publication, distribution, etc 2021
270 ## - ADDRESS
City Chennai
Address Anjana Complex No. 5/90A, Butt Road, St. Thomas Mount
Postal code 600016
300 ## - PHYSICAL DESCRIPTION
Extent 1123p.
Dimensions 24cm(pbk)
942 ## - ADDED ENTRY ELEMENTS (KOHA)
Source of classification or shelving scheme Dewey Decimal Classification
Item type English Books
Classification part 621.3822
Call number suffix ESA
Holdings
Withdrawn status Lost status Not for loan Collection code Home library Current library Date acquired Source of acquisition Cost, normal purchase price Full call number Barcode Copy number Cost, replacement price Koha item type
      Non-fiction Bawana Bawana 01/02/2022 DBAD/PUB 879.00 621.3822 ESA EN-114875 1 879.00 English Books

© Delhi Public Library
Hit Counter
free hit counter